Sobre el Estado y la Administración de la Corona de Castilla en el Antiguo Régimen (Record no. 74154)

MARC details
000 -LEADER
campo de control de longitud fija 00558nam a2200157 i 4500
001 - NÚMERO DE CONTROL
campo de control 74154
003 - IDENTIFICADOR DE NÚMERO DE CONTROL
campo de control ES-MaACL
007 - CAMPO FIJO DE DESCRIPCIÓN FÍSICA--INFORMACIÓN GENERAL
campo de control de longitud fija t|
008 - DATOS DE LONGITUD FIJA--INFORMACIÓN GENERAL
campo de control de longitud fija 040915s1981 sp ||||1| spa d
100 1# - ENTRADA PRINCIPAL--NOMBRE DE PERSONA
Nombre de persona González Alonso, Benjamín.
9 (RLIN) 58410
245 10 - MENCIÓN DEL TÍTULO
Título Sobre el Estado y la Administración de la Corona de Castilla en el Antiguo Régimen
Resto del título : las comunidades de Castilla y otros ensayos /
Mención de responsabilidad, etc. por Benjamín González Alonso.
250 ## - MENCION DE EDICION
Mención de edición [1ª ed.].
260 ## - PUBLICACIÓN, DISTRIBUCIÓN, ETC.
Lugar de publicación, distribución, etc. [Madrid] :
Nombre del editor, distribuidor, etc. Siglo Veintiuno,
Fecha de publicación, distribución, etc. [1981]
300 ## - DESCRIPCIÓN FÍSICA
Extensión 271 p. ;
Dimensiones 21 cm.
852 ## - LOCALIZACIÓN
Ubicación ES-MaACL
Número de control de estantería L-963
Sublocalización o colección R.101745
Holdings
Estatus retirado Estado de pérdida Estado de daño No para préstamo Biblioteca de origen Biblioteca actual Ubicación en estantería Fecha de adquisición Fuente de adquisición Total de préstamos Signatura topográfica completa Código de barras Visto por última vez Precio de reemplazo Tipo de ítem Koha
        Biblioteca del Ateneo de Madrid Biblioteca del Ateneo de Madrid Depósito 2 17/01/2008     L-963 1077624 23/02/2023 23/02/2023 Libro impreso